[Event "Gibraltar Challengers-B"]
[Site "Caleta"]
[Date "2018.01.27"]
[Round "1"]
[White "Cernuda Orejas, Victor Manuel"]
[Black "Allor, Chuckwuka"]
[Result "0-1"]
[WhiteElo "1910"]
[BlackElo "2099"]
[PlyCount "120"]
[EventDate "2018.01.27"]
[EventType "swiss"]
[EventRounds "5"]
[EventCountry "GGB"]
[SourceTitle "EXT 2019"]
[Source "ChessBase"]
[SourceDate "2018.10.10"]
[SourceVersion "1"]
[SourceVersionDate "2018.10.10"]
[SourceQuality "1"]

1. c3 Nf6 2. d4 d5 3. Nf3 g6 4. g3 Bg7 5. Bg2 0-0 6. 0-0 Nbd7 7. Bf4 h6 8. h4 Ne4 9. Qc1 Kh7 10. Nbd2 c5 11. Nxe4 dxe4 12. Ne5 cxd4 13. Nxd7 Bxd7 14. cxd4 Bc6 15. Rd1 Qb6 16. Qe3 Rad8 17. d5 Rxd5 18. Rxd5 Bxd5 19. Qxb6 axb6 20. Rd1 e6 21. f3 Bxb2 22. fxe4 Bc6 23. e5 Ra8 24. Rd2 Bc3 25. Rc2 Bd4+ 26. e3 Bc5 27. Kf2 Kg7 28. Bf1 Be4 29. Re2 Bd5 30. g4 Rxa2 31. Rxa2 Bxa2 32. g5 h5 33. Bd3 Bb3 34. Ke2 Kf8 35. Bg3 Ke7 36. Be1 Bd5 37. Bc3 Kd7 38. Bd4 Kc6 39. Kd2 Be7 40. Kc3 b5 41. Kb2 b6 42. Kc3 b4+ 43. Kd2 b5 44. Bb1 Bd8 45. Bd3 Be7 46. Bb1 Kb7 47. Bd3 Ka6 48. Kc2 Ka5 49. Ba7 b3+ 50. Kb2 Bb4 51. Bd4 Ka4 52. Bc3 Ba3+ 53. Kb1 Bf3 54. Bd2 Bd1 55. Bc3 b4 56. Bd4 Bc2+ 57. Bxc2 bxc2+ 58. Kxc2 b3+ 59. Kc3 Bb4+ 60. Kb2 Be1 0-1

[Event "Douglas IoM Major op"]
[Site "Douglas"]
[Date "2017.09.30"]
[Round "6"]
[White "Gumireddy, Sanjay Savio"]
[Black "Allor, Chuckwuka"]
[Result "1/2-1/2"]
[WhiteElo "1790"]
[BlackElo "2091"]
[PlyCount "110"]
[EventDate "2017.09.25"]
[EventType "swiss"]
[EventRounds "7"]
[EventCountry "IOM"]
[SourceTitle "CBM 181 Extra"]
[Source "ChessBase"]
[SourceDate "2017.12.12"]
[SourceVersion "1"]
[SourceVersionDate "2017.12.12"]
[SourceQuality "1"]

1. e4 c5 2. Nf3 d6 3. d4 cxd4 4. Nxd4 Nf6 5. Nc3 Nc6 6. Bg5 e6 7. Qd2 a6 8. 0-0-0 Bd7 9. f3 Qc7 10. Kb1 Be7 11. h4 Rc8 12. Nxc6 Bxc6 13. Bf4 e5 14. Bg5 b5 15. Bxf6 Bxf6 16. Qxd6 Qxd6 17. Rxd6 Ke7 18. Rd1 Rhd8 19. Be2 b4 20. Nd5+ Bxd5 21. exd5 Rc5 22. Bxa6 Rcxd5 23. Rxd5 Rxd5 24. Bd3 h6 25. g3 Rd4 26. Re1 Kd6 27. h5 Bd8 28. Re4 Rxe4 29. Bxe4 Bb6 30. Kc1 Bd4 31. b3 Bf2 32. g4 Be3+ 33. Kd1 Kc5 34. Ke2 Kd4 35. c3+ bxc3 36. a4 Bg1 37. Bc2 Kc5 38. Kd3 Kb4 39. Ke4 Ka3 40. Kd3 Kb4 41. Ke4 Ka3 42. a5 Kb4 43. a6 Ka5 44. Kxe5 Kxa6 45. Kd6 Kb5 46. Ke7 f5 47. Bxf5 Kb4 48. Kf7 Bd4 49. Bc2 Ka3 50. f4 Kb2 51. Be4 Kxb3 52. g5 hxg5 53. fxg5 c2 54. Bxc2+ Kxc2 55. h6 gxh6 1/2-1/2

[Event "Douglas IoM Major op"]
[Site "Douglas"]
[Date "2017.09.29"]
[Round "5"]
[White "Allor, Chuckwuka"]
[Black "Burrows, Nick"]
[Result "1-0"]
[WhiteElo "2091"]
[BlackElo "1888"]
[PlyCount "65"]
[EventDate "2017.09.25"]
[EventType "swiss"]
[EventRounds "7"]
[EventCountry "IOM"]
[SourceTitle "CBM 181 Extra"]
[Source "ChessBase"]
[SourceDate "2017.12.12"]
[SourceVersion "1"]
[SourceVersionDate "2017.12.12"]
[SourceQuality "1"]

1. Nf3 d5 2. c4 d4 3. e3 c5 4. g3 Nc6 5. exd4 cxd4 6. d3 e5 7. Bg2 Bd6 8. 0-0 Nf6 9. a3 a5 10. Re1 0-0 11. Nbd2 Re8 12. Qc2 Qe7 13. Nb3 Be6 14. Ng5 a4 15. Nd2 Bg4 16. h3 Bd7 17. Nde4 Nxe4 18. Nxe4 f5 19. Nxd6 Qxd6 20. f4 Qg6 21. Kh2 e4 22. dxe4 fxe4 23. Bxe4 Qh5 24. Qg2 Bg4 25. Bd5+ Kh8 26. Bd2 Ne7 27. Re5 Nf5 28. Rae1 Rxe5 29. Rxe5 Qh6 30. Bf3 Bxf3 31. Qxf3 Nd6 32. Qd5 Rd8 33. Re6 1-0

[Event "Gibraltar Masters 12th"]
[Site "Caleta"]
[Date "2014.02.05"]
[Round "9"]
[White "Allor, Chuckwuka"]
[Black "Rapport, Jovana"]
[Result "0-1"]
[WhiteElo "2135"]
[BlackElo "2335"]
[PlyCount "68"]
[EventDate "2014.01.28"]
[EventType "swiss"]
[EventRounds "10"]
[EventCountry "GGB"]
[SourceTitle "CBM 159"]
[Source "ChessBase"]
[SourceDate "2014.03.17"]
[SourceVersion "1"]
[SourceVersionDate "2014.03.17"]
[SourceQuality "1"]

1. Nf3 e6 2. c4 f5 3. g3 Nf6 4. Bg2 Be7 5. Nc3 d5 6. d4 0-0 7. Ne5 c6 8. 0-0 Nbd7 9. Nxd7 Bxd7 10. Qb3 Qb6 11. c5 Qxb3 12. axb3 b6 13. cxb6 axb6 14. Bf4 Rfc8 15. Rfc1 Be8 16. Be5 Nd7 17. Bf4 Bf6 18. e3 Be7 19. h4 h6 20. Rxa8 Rxa8 21. Ne2 g5 22. Rxc6 Nf8 23. Rxb6 gxf4 24. Nxf4 Bd8 25. Rxe6 Ra1+ 26. Kh2 Nxe6 27. Bxd5 Bf7 28. Bxe6 Bxe6 29. Nxe6 Be7 30. f3 Rb1 31. g4 fxg4 32. fxg4 Bb4 33. Kg3 Rxb2 34. Kf3 Rxb3 0-1

[Event "Gibraltar Challengers-B 12th"]
[Site "Caleta"]
[Date "2014.02.05"]
[Round "5"]
[White "Diaz Montenegro, Ignacio"]
[Black "Allor, Chuckwuka"]
[Result "1-0"]
[WhiteElo "1924"]
[BlackElo "2138"]
[PlyCount "22"]
[EventDate "2014.02.01"]
[EventType "swiss"]
[EventRounds "5"]
[EventCountry "GGB"]
[SourceTitle "CBM 158 Extra"]
[Source "ChessBase"]
[SourceDate "2014.02.28"]
[SourceVersion "1"]
[SourceVersionDate "2014.02.28"]
[SourceQuality "1"]

1. d4 c5 2. Nf3 Nf6 3. c4 g6 4. Nc3 Bg7 5. e3 0-0 6. Be2 Nc6 7. 0-0 d5 8. dxc5 e6 9. Rb1 Qe7 10. b4 Rd8 11. Qb3 Ne4 1-0

[Event "Gibraltar Challengers-B 12th"]
[Site "Caleta"]
[Date "2014.02.01"]
[Round "1"]
[White "Pena Riasco, Alexander"]
[Black "Allor, Chuckwuka"]
[Result "1-0"]
[WhiteElo "2154"]
[BlackElo "2138"]
[PlyCount "119"]
[EventDate "2014.02.01"]
[EventType "swiss"]
[EventRounds "5"]
[EventCountry "GGB"]
[SourceTitle "CBM 158 Extra"]
[Source "ChessBase"]
[SourceDate "2014.02.28"]
[SourceVersion "1"]
[SourceVersionDate "2014.02.28"]
[SourceQuality "1"]

1. e4 c5 2. Nf3 d6 3. d4 cxd4 4. Nxd4 Nf6 5. Nc3 Nc6 6. f3 e5 7. Nb3 Be6 8. Bg5 Be7 9. Qd2 h6 10. Be3 0-0 11. 0-0-0 a5 12. Kb1 a4 13. Nc1 a3 14. b3 Nb4 15. Nd3 Qa5 16. Nxb4 Qxb4 17. Nd5 Nxd5 18. exd5 Qxd2 19. Rxd2 Bd7 20. c4 Bd8 21. Bd3 Ba5 22. Rc2 b6 23. Bd2 Bxd2 24. Rxd2 f5 25. Re2 g5 26. h3 Kg7 27. Kc2 Rfc8 28. Kd2 b5 29. cxb5 Rab8 30. Ree1 Kf6 31. Rc1 Rxc1 32. Rxc1 Bxb5 33. Rc7 Bxd3 34. Kxd3 Rb4 35. Ra7 Rd4+ 36. Ke2 Rxd5 37. Rxa3 e4 38. b4 Rd4 39. Rb3 Rc4 40. Rb2 Ke6 41. a4 Kd7 42. a5 Kc7 43. b5 Ra4 44. b6+ Kb7 45. Rb5 Ra2+ 46. Ke3 Ra3+ 47. Kd4 e3 48. Rxf5 e2 49. Rf7+ Kb8 50. Re7 Ra4+ 51. Kd3 Rxa5 52. Kxe2 Ra2+ 53. Kf1 Rb2 54. Rh7 Rxb6 55. Rxh6 Kc7 56. Rh5 Rb5 57. Kf2 Kd7 58. Kg3 Ke6 59. Kg4 Kf6 60. Rh6+ 1-0

[Event "Gibraltar Masters 12th"]
[Site "Caleta"]
[Date "2014.01.30"]
[Round "3"]
[White "Allor, Chuckwuka"]
[Black "Hoolt, Sarah"]
[Result "0-1"]
[WhiteElo "2135"]
[BlackElo "2331"]
[PlyCount "62"]
[EventDate "2014.01.28"]
[EventType "swiss"]
[EventRounds "10"]
[EventCountry "GGB"]
[SourceTitle "CBM 159"]
[Source "ChessBase"]
[SourceDate "2014.03.17"]
[SourceVersion "1"]
[SourceVersionDate "2014.03.17"]
[SourceQuality "1"]

1. Nf3 Nf6 2. g3 e6 3. Bg2 d5 4. c4 Be7 5. 0-0 0-0 6. b3 c5 7. cxd5 exd5 8. d4 Nc6 9. Bb2 Bg4 10. dxc5 Bxc5 11. Nc3 Re8 12. Rc1 Bb4 13. a3 Bf8 14. h3 Bh5 15. Nb5 Ne4 16. Nbd4 Rc8 17. Nf5 Qd7 18. g4 Bg6 19. N5h4 Bd6 20. Nxg6 hxg6 21. b4 a6 22. Qd3 Bb8 23. Rfd1 Rcd8 24. e3 Qd6 25. Qb3 Rd7 26. Rd3 f6 27. Rcd1 Red8 28. Rxd5 Qe6 29. Bf1 Rxd5 30. Rxd5 Rxd5 31. Bc4 Ne7 0-1

[Event "Gibraltar Masters 12th"]
[Site "Caleta"]
[Date "2014.01.29"]
[Round "2"]
[White "Neumanova, Monika"]
[Black "Allor, Chuckwuka"]
[Result "0-1"]
[WhiteElo "1719"]
[BlackElo "2135"]
[PlyCount "68"]
[EventDate "2014.01.28"]
[EventType "swiss"]
[EventRounds "10"]
[EventCountry "GGB"]
[SourceTitle "CBM 159"]
[Source "ChessBase"]
[SourceDate "2014.03.17"]
[SourceVersion "1"]
[SourceVersionDate "2014.03.17"]
[SourceQuality "1"]

1. d4 Nf6 2. c4 g6 3. f3 d5 4. cxd5 Nxd5 5. e4 Nb6 6. Nc3 Bg7 7. Be3 0-0 8. Qd2 Qd6 9. Nb5 Qd7 10. Rc1 c6 11. Nc3 Rd8 12. Rd1 Qe6 13. Qc1 Qd6 14. Bf2 Qb4 15. a3 Qb3 16. Rd3 Qe6 17. Nge2 Qd7 18. Ng3 h5 19. h4 Qe8 20. Be2 Be6 21. Rd1 Bb3 22. Rd3 e5 23. dxe5 Rxd3 24. Bxd3 Qxe5 25. 0-0 N8d7 26. f4 Qe7 27. Nge2 Rd8 28. Bc2 Nc5 29. Kh1 Bc4 30. Qb1 Bxc3 31. Nxc3 Bxf1 32. Qxf1 Rd2 33. Bb1 Nca4 34. Ne2 Qd8 0-1

[Event "Gibraltar Challengers-A 12th"]
[Site "Caleta"]
[Date "2014.01.28"]
[Round "2"]
[White "Allor, Chuckwuka"]
[Black "Martinez Reyes, Pedro Ramon"]
[Result "0-1"]
[WhiteElo "2138"]
[BlackElo "2246"]
[PlyCount "102"]
[EventDate "2014.01.27"]
[EventType "swiss"]
[EventRounds "5"]
[EventCountry "GGB"]
[SourceTitle "CBM 158 Extra"]
[Source "ChessBase"]
[SourceDate "2014.02.28"]
[SourceVersion "1"]
[SourceVersionDate "2014.02.28"]
[SourceQuality "1"]

1. Nf3 d5 2. g3 Nc6 3. d4 Bg4 4. Bg2 Qd7 5. h3 Bf5 6. c3 Nf6 7. Bf4 e6 8. Nbd2 Ne4 9. g4 Bg6 10. Nh4 Nxd2 11. Nxg6 hxg6 12. Qxd2 Bd6 13. e4 Bxf4 14. Qxf4 0-0-0 15. exd5 exd5 16. 0-0-0 f6 17. h4 Qd6 18. Qxd6 Rxd6 19. h5 g5 20. Bf1 Nd8 21. Bd3 Ne6 22. Bf5 Kd8 23. Rhe1 Nf4 24. Re3 b6 25. b4 Ng2 26. Re2 Re8 27. Rxe8+ Kxe8 28. Rg1 Nh4 29. Re1+ Kf7 30. Bd3 Re6 31. Rxe6 Kxe6 32. Kd2 f5 33. Be2 Kd6 34. Ke3 a5 35. a3 Ng2+ 36. Kd2 fxg4 37. Bxg4 Nf4 38. Ke3 Kc6 39. a4 Kd6 40. bxa5 bxa5 41. Kd2 c5 42. Ke3 c4 43. Be2 Nxe2 44. Kxe2 Ke6 45. f3 Kf5 46. Ke3 g4 47. f4 g3 48. Kf3 g2 49. Kxg2 Kxf4 50. Kh3 Kg5 51. Kg3 Kxh5 0-1

[Event "Gibraltar Challengers-A 12th"]
[Site "Caleta"]
[Date "2014.01.27"]
[Round "1"]
[White "Krokay, Urszula"]
[Black "Allor, Chuckwuka"]
[Result "0-1"]
[WhiteElo "1926"]
[BlackElo "2138"]
[PlyCount "72"]
[EventDate "2014.01.27"]
[EventType "swiss"]
[EventRounds "5"]
[EventCountry "GGB"]
[SourceTitle "CBM 158 Extra"]
[Source "ChessBase"]
[SourceDate "2014.02.28"]
[SourceVersion "1"]
[SourceVersionDate "2014.02.28"]
[SourceQuality "1"]

1. e4 c5 2. Nf3 d6 3. c3 Nf6 4. h3 Nc6 5. Bd3 g6 6. 0-0 Bg7 7. Bc2 0-0 8. d4 Qc7 9. d5 Na5 10. Qe2 e6 11. dxe6 Bxe6 12. Bf4 Qb6 13. b3 Rfe8 14. Qd2 Rad8 15. Bh6 Nc6 16. Bxg7 Kxg7 17. c4 Nd7 18. Nc3 Nde5 19. Nh2 Nd7 20. g4 f6 21. f4 Nd4 22. Nf3 Nxf3+ 23. Rxf3 Nb8 24. Rd3 Qa5 25. f5 Bg8 26. g5 Rf8 27. Rf1 fxg5 28. Qxg5 Rf6 29. Rg3 Rdf8 30. Rd1 Qc7 31. Nb5 Qd8 32. Rgd3 Nc6 33. Qg3 Qe7 34. Rxd6 Rxd6 35. Nxd6 Ne5 36. Ne8+ Rxe8 0-1

[Event "Gibraltar Masters 11th"]
[Site "Caleta"]
[Date "2013.01.30"]
[Round "9"]
[White "Allor, Chuckwuka"]
[Black "Poetsch, Hagen"]
[Result "1/2-1/2"]
[WhiteElo "2154"]
[BlackElo "2437"]
[PlyCount "71"]
[EventDate "2013.01.22"]
[EventType "swiss"]
[EventRounds "10"]
[EventCountry "GGB"]
[SourceTitle "CBM 153"]
[Source "ChessBase"]
[SourceDate "2013.03.14"]
[SourceVersion "1"]
[SourceVersionDate "2013.03.14"]
[SourceQuality "1"]

1. Nf3 Nf6 2. g3 b5 3. a4 b4 4. Bg2 Bb7 5. c3 e6 6. d3 d5 7. 0-0 Nbd7 8. a5 bxc3 9. bxc3 c5 10. Qa4 Qc7 11. Bf4 Bd6 12. Bxd6 Qxd6 13. Nbd2 0-0 14. c4 Rab8 15. Rfb1 Bc6 16. Qc2 Qc7 17. cxd5 exd5 18. Rxb8 Rxb8 19. d4 c4 20. e4 dxe4 21. Ng5 Rb5 22. Ngxe4 Nxe4 23. Nxe4 Rxa5 24. Re1 Nb6 25. Nd2 g6 26. d5 Bd7 27. Qc3 Ra2 28. Qf6 Qb8 29. Re7 Qf8 30. Nxc4 Qg7 31. Qxg7+ Kxg7 32. h4 Kf6 33. d6 Nxc4 34. Rxd7 Ra6 35. Bf1 Rxd6 36. Rxa7 1/2-1/2

[Event "Gibraltar Masters 11th"]
[Site "Caleta"]
[Date "2013.01.24"]
[Round "3"]
[White "Allor, Chuckwuka"]
[Black "George, Lolomari Erekosima"]
[Result "1-0"]
[WhiteElo "2154"]
[BlackElo "1869"]
[PlyCount "77"]
[EventDate "2013.01.22"]
[EventType "swiss"]
[EventRounds "10"]
[EventCountry "GGB"]
[SourceTitle "CBM 153"]
[Source "ChessBase"]
[SourceDate "2013.03.14"]
[SourceVersion "1"]
[SourceVersionDate "2013.03.14"]
[SourceQuality "1"]

1. e4 c6 2. Nc3 d5 3. Nf3 Bg4 4. h3 Bxf3 5. Qxf3 e6 6. g3 Nf6 7. Bg2 dxe4 8. Nxe4 Nxe4 9. Qxe4 Qd5 10. 0-0 Qxe4 11. Bxe4 Nd7 12. d4 Nf6 13. Bf3 0-0-0 14. Rd1 Be7 15. c4 Kb8 16. Be3 Rd7 17. b4 Rc8 18. a3 Bd6 19. g4 Rcd8 20. Kg2 Bc7 21. Ra2 Ng8 22. b5 cxb5 23. Rb1 a6 24. a4 b4 25. Rxb4 Ba5 26. Rb3 Rc8 27. Rab2 Rxc4 28. Rxb7+ Rxb7 29. Rxb7+ Kc8 30. Rxf7 Nf6 31. Rxg7 Nd5 32. Bxd5 exd5 33. Ra7 Bb6 34. Rxh7 Bxd4 35. Bxd4 Rxd4 36. g5 Rf4 37. g6 Rf6 38. g7 Rg6+ 39. Kf1 1-0

[Event "Edinburgh op"]
[Site "Edinburgh"]
[Date "2012.03.30"]
[Round "4"]
[White "Allor, Chuckwuka"]
[Black "McPhillips, Joseph"]
[Result "1/2-1/2"]
[WhiteElo "2145"]
[BlackElo "2100"]
[PlyCount "30"]
[EventDate "2012.03.30"]
[EventType "swiss"]
[EventRounds "5"]
[EventCountry "SCO"]
[SourceTitle "EXT 2014"]
[Source "ChessBase"]
[SourceDate "2013.11.20"]
[SourceVersion "1"]
[SourceVersionDate "2013.11.20"]
[SourceQuality "1"]

1. c4 c6 2. Nc3 d5 3. d4 e6 4. g3 Be7 5. Nf3 Nf6 6. Bg2 0-0 7. 0-0 Nbd7 8. b3 b6 9. Nd2 Ba6 10. a4 Rc8 11. cxd5 Nxd5 12. Bb2 Nxc3 13. Bxc3 c5 14. d5 exd5 15. Bxd5 Bf6 1/2-1/2

[Event "Gibraltar Challengers-B 10th"]
[Site "Caleta"]
[Date "2012.01.29"]
[Round "2"]
[White "Allor, Chuckwuka"]
[Black "Perez Garcia, Alejandro"]
[Result "1-0"]
[WhiteElo "2145"]
[BlackElo "1845"]
[PlyCount "99"]
[EventDate "2012.01.28"]
[EventType "swiss"]
[EventRounds "5"]
[EventCountry "GGB"]
[SourceTitle "CBM 146 Extra"]
[Source "ChessBase"]
[SourceDate "2012.02.29"]
[SourceVersion "1"]
[SourceVersionDate "2012.02.29"]
[SourceQuality "1"]

1. Nf3 Nf6 2. g3 g6 3. Bg2 Bg7 4. c4 0-0 5. Nc3 d6 6. d3 c6 7. 0-0 Qa5 8. h3 Nbd7 9. Bd2 Rb8 10. b4 Qd8 11. Rb1 c5 12. a3 a6 13. Qc1 e5 14. Bg5 b6 15. Nd5 Bb7 16. Nd2 Bxd5 17. cxd5 h6 18. Be3 Qc7 19. b5 a5 20. Nc4 Kh7 21. Bd2 Ne8 22. g4 f5 23. gxf5 gxf5 24. e4 f4 25. Bf3 Qd8 26. Kh2 Qh4 27. Qe1 Ndf6 28. Qe2 h5 29. Rg1 Bh6 30. Rg2 Rg8 31. Rbg1 Rxg2+ 32. Rxg2 Bf8 33. Qf1 a4 34. Bd1 Be7 35. f3 Nd7 36. Bxa4 Nc7 37. Qb1 Ra8 38. Be1 Qf6 39. Bd1 Qf7 40. a4 h4 41. a5 bxa5 42. b6 Rb8 43. b7 Na6 44. Qb5 Nb4 45. Bxb4 axb4 46. Qxd7 Rg8 47. Rxg8 Qxg8 48. Qxe7+ Kh6 49. Qe6+ Qxe6 50. dxe6 1-0

[Event "Gibraltar Masters 10th"]
[Site "Caleta"]
[Date "2012.01.28"]
[Round "5"]
[White "Allor, Chuckwuka"]
[Black "Muzychuk, Mariya"]
[Result "0-1"]
[WhiteElo "2145"]
[BlackElo "2483"]
[PlyCount "60"]
[EventDate "2012.01.24"]
[EventType "swiss"]
[EventRounds "10"]
[EventCountry "GGB"]
[SourceTitle "CBM 147"]
[Source "ChessBase"]
[SourceDate "2012.03.16"]
[SourceVersion "1"]
[SourceVersionDate "2012.03.16"]
[SourceQuality "1"]

1. e4 c5 2. Nf3 e6 3. d4 cxd4 4. Nxd4 Nf6 5. Nc3 Nc6 6. Nxc6 bxc6 7. e5 Nd5 8. Ne4 Qc7 9. f4 Qa5+ 10. Qd2 Bb4 11. c3 Be7 12. Bd3 Qb6 13. Qf2 f5 14. Qxb6 axb6 15. Nf2 d6 16. Bc4 dxe5 17. fxe5 Kf7 18. Bd2 Ba6 19. Bxa6 Rxa6 20. c4 Nc7 21. a3 Rd8 22. Ke2 b5 23. Rac1 Ra4 24. Be3 bxc4 25. Bb6 Rd7 26. Bxc7 Rxc7 27. Rhd1 Rb7 28. Rd4 Rxb2+ 29. Ke1 Rxf2 30. Kxf2 Bc5 0-1

[Event "Gibraltar Challengers-A 10th"]
[Site "Caleta"]
[Date "2012.01.27"]
[Round "5"]
[White "Carlile, Orison"]
[Black "Allor, Chuckwuka"]
[Result "0-1"]
[WhiteElo "2043"]
[BlackElo "2145"]
[PlyCount "58"]
[EventDate "2012.01.23"]
[EventType "swiss"]
[EventRounds "5"]
[EventCountry "GGB"]
[SourceTitle "CBM 146 Extra"]
[Source "ChessBase"]
[SourceDate "2012.02.29"]
[SourceVersion "1"]
[SourceVersionDate "2012.02.29"]
[SourceQuality "1"]

1. e4 c5 2. Nc3 d6 3. f4 g6 4. Nf3 Bg7 5. Bb5+ Bd7 6. Bc4 Nc6 7. 0-0 Na5 8. Be2 Nf6 9. d3 0-0 10. Qe1 Nc6 11. Qh4 Nd4 12. Nxd4 cxd4 13. Nb1 Rc8 14. Bd1 Rc5 15. Nd2 Qc7 16. h3 Rxc2 17. Nb3 Rc6 18. Bd2 Qb6 19. Kh1 Rcc8 20. Rf3 Bb5 21. f5 Qa6 22. fxg6 hxg6 23. Nxd4 Bxd3 24. Nf5 gxf5 25. Rg3 f4 26. Bxf4 Bxe4 27. Bh6 Bg6 28. Rxg6 fxg6 29. Bb3+ d5 0-1

[Event "Gibraltar Masters 10th"]
[Site "Caleta"]
[Date "2012.01.26"]
[Round "3"]
[White "Allor, Chuckwuka"]
[Black "Houska, Jovanka"]
[Result "1-0"]
[WhiteElo "2145"]
[BlackElo "2414"]
[PlyCount "98"]
[EventDate "2012.01.24"]
[EventType "swiss"]
[EventRounds "10"]
[EventCountry "GGB"]
[SourceTitle "CBM 147"]
[Source "ChessBase"]
[SourceDate "2012.03.16"]
[SourceVersion "1"]
[SourceVersionDate "2012.03.16"]
[SourceQuality "1"]

1. Nf3 d5 2. g3 Nf6 3. Bg2 e6 4. d4 Be7 5. c4 0-0 6. Nc3 dxc4 7. Qa4 a6 8. Qxc4 b5 9. Qb3 Bb7 10. 0-0 c5 11. dxc5 Nbd7 12. Rd1 Bxc5 13. Ne5 Bxg2 14. Kxg2 Qc7 15. Nxd7 Qb7+ 16. f3 Nxd7 17. Ne4 Be7 18. Be3 Rac8 19. a4 b4 20. Nd6 Bxd6 21. Rxd6 Nc5 22. Qd1 b3 23. Ra3 h6 24. Bxc5 Rxc5 25. Rxb3 Qc8 26. Qd3 a5 27. Rc3 Qc7 28. Rd7 Qc6 29. Rd8 Rxd8 30. Qxd8+ Kh7 31. Qxa5 Rxa5 32. Rxc6 Rxa4 33. Rb6 e5 34. b4 h5 35. Rb7 f6 36. b5 Rb4 37. b6 Rb3 38. Kf2 Kg6 39. h4 Rb4 40. Ke3 Rb3+ 41. Ke4 Rb2 42. Kd5 Rxe2 43. Rc7 Rb2 44. b7 Rb4 45. Ke6 e4 46. fxe4 Rxe4+ 47. Kd7 Rb4 48. Kc8 Kf5 49. Rxg7 Rc4+ 1-0

[Event "Gibraltar Challengers-A 10th"]
[Site "Caleta"]
[Date "2012.01.25"]
[Round "3"]
[White "Eriksen, Magnus"]
[Black "Allor, Chuckwuka"]
[Result "1/2-1/2"]
[WhiteElo "2076"]
[BlackElo "2145"]
[PlyCount "42"]
[EventDate "2012.01.23"]
[EventType "swiss"]
[EventRounds "5"]
[EventCountry "GGB"]
[SourceTitle "CBM 146 Extra"]
[Source "ChessBase"]
[SourceDate "2012.02.29"]
[SourceVersion "1"]
[SourceVersionDate "2012.02.29"]
[SourceQuality "1"]

1. d4 Nf6 2. Nf3 g6 3. Nc3 d5 4. Bf4 Bg7 5. e3 0-0 6. Be2 c5 7. Ne5 Nc6 8. 0-0 cxd4 9. exd4 Qb6 10. Nxc6 Qxc6 11. Bb5 Qb6 12. a4 a6 13. a5 Qd8 14. Be2 Bd7 15. Be5 Bc6 16. Bf3 Re8 17. Re1 e6 18. Qd2 Bf8 19. Na4 Bxa4 20. Rxa4 Nd7 21. Bf4 Qc8 1/2-1/2

[Event "Gibraltar Challengers-A 10th"]
[Site "Caleta"]
[Date "2012.01.24"]
[Round "2"]
[White "Allor, Chuckwuka"]
[Black "Hamer, Martyn"]
[Result "1-0"]
[WhiteElo "2145"]
[BlackElo "2010"]
[PlyCount "85"]
[EventDate "2012.01.23"]
[EventType "swiss"]
[EventRounds "5"]
[EventCountry "GGB"]
[SourceTitle "CBM 146 Extra"]
[Source "ChessBase"]
[SourceDate "2012.02.29"]
[SourceVersion "1"]
[SourceVersionDate "2012.02.29"]
[SourceQuality "1"]

1. Nf3 d5 2. g3 Nf6 3. Bg2 Bg4 4. c4 c6 5. 0-0 e6 6. cxd5 exd5 7. h3 Be6 8. Nd4 Bd6 9. d3 0-0 10. Nc3 Qd7 11. Nxe6 fxe6 12. e4 Qf7 13. d4 Bc7 14. Be3 Nbd7 15. e5 Ne8 16. Rc1 Nb6 17. b3 g6 18. Bh6 Ng7 19. Nb1 Nd7 20. Nd2 Rfc8 21. Nf3 Nf5 22. Bf4 Bb6 23. Qd2 c5 24. dxc5 Nxc5 25. Ng5 Qe8 26. b4 h6 27. bxc5 hxg5 28. Bxg5 Bxc5 29. g4 Ng7 30. Bf6 Ba3 31. Rb1 Qf7 32. Rb3 Bf8 33. Qh6 Rc2 34. a4 Rac8 35. a5 R8c3 36. Rfb1 Rxb3 37. Rxb3 b6 38. axb6 axb6 39. Bf1 Bc5 40. Rf3 b5 41. Bd3 Rxf2 42. Rxf2 Qa7 43. Bxg6 1-0

[Event "Gibraltar Masters 10th"]
[Site "Caleta"]
[Date "2012.01.24"]
[Round "1"]
[White "Allor, Chuckwuka"]
[Black "Jablon, Stephen Eric"]
[Result "1/2-1/2"]
[WhiteElo "2145"]
[BlackElo "1931"]
[PlyCount "145"]
[EventDate "2012.01.24"]
[EventType "swiss"]
[EventRounds "10"]
[EventCountry "GGB"]
[SourceTitle "CBM 147"]
[Source "ChessBase"]
[SourceDate "2012.03.16"]
[SourceVersion "1"]
[SourceVersionDate "2012.03.16"]
[SourceQuality "1"]

1. e4 e5 2. Nf3 Nf6 3. d4 Nxe4 4. Bd3 Nc6 5. Bxe4 d5 6. Nxe5 Nxe5 7. dxe5 dxe4 8. Qxd8+ Kxd8 9. Nc3 Bb4 10. Bg5+ Ke8 11. 0-0-0 Bg4 12. Rd4 Bxc3 13. bxc3 h6 14. Rxe4 Bf5 15. Rh4 Kd7 16. Be3 Rhe8 17. Rd4+ Ke7 18. Rc4 c6 19. Bc5+ Ke6 20. g4 Kd5 21. Rf4 Bxg4 22. Rxg4 Kxc5 23. Rxg7 Rxe5 24. Rxf7 Rd8 25. h4 b5 26. Rd1 Rxd1+ 27. Kxd1 Kc4 28. Rf3 Re4 29. Rh3 h5 30. Kd2 Kc5 31. Rh2 Kd5 32. f3 Rf4 33. Ke3 Ke5 34. Rg2 Rxh4 35. f4+ Rxf4 36. Rg5+ Rf5 37. Rg7 a5 38. Ra7 a4 39. c4 Kd6 40. cxb5 cxb5 41. c4 Kc5 42. cxb5 Kxb5 43. Rb7+ Kc4 44. Rb2 Re5+ 45. Kf4 Rb5 46. Rh2 Kc3 47. Rh3+ Kb2 48. Rh2+ Ka3 49. Ke3 Rd5 50. Rh4 Ra5 51. Rh2 h4 52. Rxh4 Kxa2 53. Kd4 Kb3 54. Rh3+ Kb4 55. Rh1 Ra8 56. Rb1+ Ka3 57. Rb7 Rh8 58. Kc3 Rh2 59. Ra7 Rh3+ 60. Kc2 Rb3 61. Ra8 Rb4 62. Kc3 Rb7 63. Kc2 Rc7+ 64. Kb1 Rb7+ 65. Kc2 Kb4 66. Kb2 Rb5 67. Rh8 Rg5 68. Rb8+ Kc5 69. Ka3 Rg4 70. Ra8 Kb5 71. Rb8+ Kc5 72. Rc8+ Kb6 73. Rb8+ 1/2-1/2

[Event "East Dunbartonshire op 1st"]
[Site "Dunbartonshire"]
[Date "2011.08.07"]
[Round "5"]
[White "Allor, Chuckwuka"]
[Black "Hilton, Stephen H"]
[Result "1-0"]
[WhiteElo "2141"]
[BlackElo "1919"]
[PlyCount "57"]
[EventDate "2011.08.06"]
[EventType "swiss"]
[EventRounds "5"]
[EventCountry "SCO"]
[SourceTitle "EXT 2023"]
[Source "ChessBase"]
[SourceDate "2022.10.05"]
[SourceVersion "1"]
[SourceVersionDate "2022.10.05"]
[SourceQuality "1"]

1. e4 c5 2. Nf3 a6 3. d4 cxd4 4. Nxd4 e5 5. Nf3 Nf6 6. Bc4 h6 7. 0-0 Qc7 8. Bb3 Bc5 9. Nc3 d6 10. Nh4 Nc6 11. Nd5 Nxd5 12. Bxd5 Ne7 13. Bb3 Be6 14. Bxe6 fxe6 15. Qh5+ Kd7 16. Be3 g5 17. Ng6 Nxg6 18. Qxg6 Rae8 19. Rad1 Kc6 20. Rd3 Qh7 21. Qxh7 Rxh7 22. Rfd1 Rd7 23. Rc3 a5 24. a3 a4 25. b4 axb3 26. cxb3 Kb5 27. Bxc5 dxc5 28. Rxd7 Kc6 29. Rd1 1-0